000 00620nam-a2200193-a-4500
001 000079148
003 AM-YeHGA
005 20250617161852.0
008 991013s1954 xxu 000 0 rus u
020 _c2.40
040 _aAM-YeHGA
100 1 0 _aЗаливский, И.Л.
245 1 0 _aГеоргины /
_cИ.Л. Заливский ; Под ред. А.С. Лозина-Лозинской.
260 _aЛ.,
_aМосква :
_bСельхозгиз ,
_c1954.
300 _a141 с. :
_bил. ;
_c19 см.
650 4 _aГеоргины
700 1 _aЛозина-Лозинская, А.С.
_4edt
090 _c482135
999 _c478792
_d478792